Niemcy w Premier League - Statystyki

Ogólne statystyki
  • Ten quiz został rozwiązany 53 razy
  • Średni wynik to 10 z 15
Answers on the Grid
Answers color-coded by a green-red scale on the quiz's grid according to % correct below.
Lukas Podolski
Jens Lehmann
Olivier Kahn
Miroslav Klose
Thomas Muller
Bastian Schweinsteiger
Dietmar Hamann
Pascal Groß
Lothar Matthäus
İlkay Gündoğan
Philipp Lahm
Mesut Özil
Per Mertesacker
Jürgen Klinsmann
Leon Goretzka
Serge Gnabry
Marco Reus
Julian Brandt
Michael Ballack
Emre Can
Jonathan Tah
Oliver Baumann
André Schürrle
Oliver Bierhoff
Leroy Sané
Mario Gómez
Andreas Möller
Rudi Völler
Jérôme Boateng
Sami Khedira
 
Statystyki odpowiedzi
Odpowiedź % Poprawnych
Mesut Özil
95%
İlkay Gündoğan
88%
Lukas Podolski
79%
Bastian Schweinsteiger
74%
Jens Lehmann
69%
Michael Ballack
69%
Per Mertesacker
69%
Serge Gnabry
69%
Leroy Sané
67%
Pascal Groß
67%
Emre Can
64%
André Schürrle
62%
Jérôme Boateng
40%
Dietmar Hamann
31%
Jürgen Klinsmann
31%
Nie znaleziono quizów pasujących do podanych kryteriów
Rozkład punktacji
Procent ludzi z każdym wynikiem
Percentyl według liczby udzielonych odpowiedzi
Twoja historia wyników
Nie rozwiązałeś tego quizu